Život v sociálnom zariadení Juraja Schoppera bakalárska práca

Na minha lista:
Detalhes bibliográficos
Autor principal: Havadejová, Veronika
Autor Corporativo: Národohospodárska fakulta EU. Katedra sociálneho rozvoja a práce
Outros Autores: Nováková, Michaela, 1977-
Formato: Livro
Idioma:eslovaco
Publicado em: Bratislava 2017
Tags: Adicionar Tag
Sem tags, seja o primeiro a adicionar uma tag!

MARC

LEADER 00000nbm a2200000 4500
001 0233815
005 20171018160147.2
041 0 |a slo 
044 |a SK 
245 1 0 |a Život v sociálnom zariadení Juraja Schoppera  |b bakalárska práca  |c Veronika Havadejová ; školiteľ: Michaela Nováková Pechová 
264 1 |a Bratislava  |c 2017 
300 |a 48 s. 
100 1 |a Havadejová, Veronika 
700 1 |a Nováková, Michaela, 1977- 
710 2 |a Národohospodárska fakulta EU. Katedra sociálneho rozvoja a práce